Gaming and the Arts of Storytelling (Record no. 34652)

MARC details
000 -LEADER
fixed length control field 01032nam a2200121Ia 4500
008 - FIXED-LENGTH DATA ELEMENTS--GENERAL INFORMATION
fixed length control field 220620s9999||||xx |||||||||||||| ||und||
100 ## - MAIN ENTRY--PERSONAL NAME
Personal name Jayemanne, Darshana
245 #0 - TITLE STATEMENT
Title Gaming and the Arts of Storytelling
546 ## - LANGUAGE NOTE
Language note English[eng]
650 ## - SUBJECT ADDED ENTRY--TOPICAL TERM
Topical term or geographic name entry element play||n/a||storytelling||poetics||roleplay||survival horror||game storytelling||game narrative||pornography||empathy games||games||ludonarrative dissonance||Larry McMurtry||digital games||AAA||mapping||ludology||fantasy||fifth look||choice poetics||film||musicals||literary adaptation||choices||video games||politics||gender||interactive storytelling||FPS||narrative games||Gamergate||transmedia||remediation||narrative theory||psychology||the uncanny||shared vocabulary||complicity||ability||Haraway||videogames||Twin Peaks||Deadly Premonition||Alien||gaming||defamiliarization||ludonarrative||Walter Benjamin||narratology||carnivalesque||Bakhtin||player goals||interactive digital narrative||game fiction||cyborg
856 ## - ELECTRONIC LOCATION AND ACCESS
Uniform Resource Identifier <a href="https://mdpi.com/books/pdfview/book/1422">https://mdpi.com/books/pdfview/book/1422</a>
942 ## - ADDED ENTRY ELEMENTS (KOHA)
Koha item type E-Books
Holdings
Withdrawn status Lost status Damaged status Not for loan Home library Current library Date acquired Total Checkouts Date last seen Price effective from Koha item type
        Kerala University of Digital Sciences, Innovation and Technology Knowledge Centre Kerala University of Digital Sciences, Innovation and Technology Knowledge Centre 20/06/2022   20/06/2022 20/06/2022 E-Books